| 000 | 00610pam a2200229 a 4500 | ||
|---|---|---|---|
| 001 | 1950682 | ||
| 003 | OSt | ||
| 005 | 20241209165724.0 | ||
| 008 | 871005s1988 nyua b 001 0 eng | ||
| 020 | _a0394337328 | ||
| 040 | _c. | ||
| 050 | 0 | 0 |
_aQH308.2 _b.W47 1988 |
| 082 | 0 | 0 |
_a574 _219 |
| 100 | 1 | _aWessells, Norman K. | |
| 245 | 1 | 0 |
_aBiology / _cNorman K. Wessells, Janet L. Hopson. |
| 250 | _a1st ed. | ||
| 260 |
_aNew York : _bRandom House, _cc1988. |
||
| 300 |
_axxviii, 1251, 77 p. : _bill. (some col.) ; _c29 cm. |
||
| 650 | 0 | _aBiology. | |
| 700 | 1 | _aHopson, Janet L. | |
| 942 |
_2lcc _cBK _e1st ed. _n0 |
||
| 999 |
_c2020 _d2020 |
||